LDR 01166nam a2200241 i 4500 001 000000011705 003 CaOOAMICUS 005 20260604161006.0 008 180830m20032004it u000 u ita u 040 $aSeMil$bita 100 1 $aSchmitt, Jean-Claude,$d<1946- >.$0(OLS)http://semarc/name/1369 240 10$aDictionnaire raisonné de l'Occident médiéval.$0(OLS)http://semarc/title/15474 245 10$aDizionario dell'Occidente medievale :$btemi e percorsi /$ca cura di Jacques Le Goff e Jean-Claude Schmitt. 264 1$aTorino :$bEinaudi,$c2003-2004. 300 $a2 v. ;$c21 cm. 650 4$aCiviltà medievale - Terminologia.$0(OLS)http://semarc/subject/7522 650 4$aMedioevo - Enciclopedie e dizionari.$0(OLS)http://semarc/subject/1907 700 1 $aLe Goff, Jacques,$d<1924-2014>.$0(OLS)http://semarc/name/5611 774 0 $t1: Aldilà - Lavoro.$z88-06-16444-9$w()126925 774 0 $t2: Letteratura/e - Violenza.$z88-06-16784-7$w()126926 996 $6245$aDizionario dell'Occidente medievale :$btemi e percorsi$9(OLS)http://semarc/title/15473 996 $6264$aTorino :$bEinaudi$9(OLS)http://semarc/publisher/29884